00492nam a22001457a 4500008004100000040005500041080001500096245006700111260005600178300001800234650002700252653001900279700002200298700002600320230428b |||||||| |||| 00| 0 eng d aNational Science LibrarycNational Science Library a537.5 bH9 aCharacteristics of electrical discharges in magnetic fields  aNew York: bMcgraw-Hill Book Company, Inc., c1949  axviii, 376p.  aElectrical discharges  aAtomic energy  aGuthrie, A (Ed.)  aWakerling, R K (Ed.)